Estudio técnico científico del róbalo en Río San Juan y el Gran Lago de Nicaragua. Compendio de investigaciones de la ictiofauna de importancia comercial en Río San Juan y el lago de Nicaragua
| Main Authors: | , , |
|---|---|
| Format: | Section = Libro |
| Language: | Undetermined Spanish |
| Published: |
Managua
MARENA
2005
|
| Subjects: |
| LEADER | 00827nam a2200241Ia 4500 | ||
|---|---|---|---|
| 008 | 240829s9999 xx 000 0 und d | ||
| 020 | |a 99924-0-432-9 | ||
| 040 | |a BIBLIOTECA-RUSB/ 597.58 C172 | ||
| 041 | |a spa | ||
| 082 | |a 597.58 C172 | ||
| 100 | 1 | |a Camacho, Juan José | |
| 100 | 1 | |b Gadea E | |
| 100 | 1 | |c VelkissT | |
| 245 | 1 | 0 | |a Estudio técnico científico del róbalo en Río San Juan y el Gran Lago de Nicaragua. Compendio de investigaciones de la ictiofauna de importancia comercial en Río San Juan y el lago de Nicaragua |
| 260 | |a Managua |b MARENA |c 2005 | ||
| 300 | |a 114 p. :il. | ||
| 650 | 7 | |a ROBALO - ESTUDIO TECNICO | |
| 650 | 7 | |b COMERZIALIZACION - ROBALO | |
| 650 | 7 | |c ESTUDIOS - ROBALO - NICARAGUA | |
| 650 | 7 | |d SOSTENIBILIDAD PESQUERA - GRAN LAGO | |
| 942 | |c BK |2 ddc | ||
| 991 | |a TEXTO | ||
| 999 | |c 2603 | ||